| 000 | 00422nam a22001457a 4500 | ||
|---|---|---|---|
| 999 |
_c7556 _d7554 |
||
| 005 | 20210310162452.0 | ||
| 008 | 210310b ||||| |||| 00| 0 eng d | ||
| 082 | _a346.066 | ||
| 100 |
_aAIYAR, A.N. _96466 |
||
| 245 | _aREPORTS OF COMPANY CASES INCLUDING CASES ON BANKING AND INSURENCE [VOL-41] | ||
| 260 |
_aMADRAS _bTHE COMPANY LAW INSTITUTE OF INDIA _c1971 |
||
| 300 | _aI-XVI, P | ||
| 650 |
_aLAW _95701 |
||
| 942 | _cJRL | ||